| 000 | 01194nam a2200277 i 4500 | ||
|---|---|---|---|
| 005 | 20260407144028.0 | ||
| 008 | 260329t20252025my abo dr o000 0dmay d | ||
| 020 |
_a9789674619947 _cRM35.00 _qpaperback |
||
| 040 |
_aPPAK _beng _cPPAK _erda |
||
| 082 | 0 | 4 |
_223 _a297.076 |
| 090 | 0 | 0 |
_a297.076 _bWAN _dR |
| 100 | 0 |
_aWan Teh Sharifah Wan Lolok, _eauthor. |
|
| 245 | 1 | 0 |
_aMODUL AL-FAIZIN PENDIDIKAN ISLAM SPM 1223/1 : _bHIMPUNAN CONTOH SOALAN DAN JAWAPAN / _c Wan Teh Sharifah Wan Lolok, Muhammad Azizan Sabjan ; Editor Naskhah : Mohd Khairul Riza Tuan Mohd Yusop |
| 264 | 1 |
_aPulau Pinang : _bPenerbit Universiti Sains Malaysia, _c2025 |
|
| 264 | 4 | _c©2025 | |
| 300 |
_ax, 171 pages : _billustrations, maps, photographs ; _c30 cm |
||
| 336 |
_atext _2rdacontent |
||
| 337 |
_aunmediated _2rdamedia |
||
| 338 |
_avolume _2rdacarrier |
||
| 500 | _aContains verses from the Qur'an and quotes from the Hadith. | ||
| 650 | 1 | 0 |
_aIslamic religious education _vProblems, exercises, etc. |
| 650 | 2 | 0 |
_aGovernment publications _zMalaysia |
| 700 | 0 |
_aMuhammad Azizan Sabjan, _cProf. Madya Dr., _eauthor. |
|
| 700 | 0 |
_aMohd Khairul Riza Tuan Mohd Yusop, _eeditor. |
|
| 942 |
_2ddc _cB |
||
| 999 |
_c203545 _d203545 |
||